Rappers by City - Statistics

General Stats
  • This quiz has been taken 76 times
  • The average score is 8 of 22
Answer Stats
Rapper City % Correct
Kendrick Lamar Compton
96%
Drake Toronto
91%
Pop Smoke New York
69%
Travis Scott Houston
64%
Polo G Chicago
49%
Meek Mill Philadelphia
49%
Takeoff Atlanta
43%
DaBaby Charlotte
39%
2 Chainz Atlanta
33%
Tee Grizzley Detroit
33%
Denzel Curry Carol City, FL
30%
Big Sean Detroit
28%
Rick Ross Miami
27%
Post Malone Dallas
22%
Baby Keem Las Vegas
16%
Conway the Machine Buffalo
15%
J. Cole Fayetteville, NC
13%
Pusha T Virginia Beach
10%
Wale Washington, D.C.
10%
JPEGMAFIA Baltimore
7%
Logic Gaithersburg, MD
7%
GoldLink Washington, D.C.
7%
No matching quizzes found
Score Distribution
Percent of People with Each Score
Percentile by Number Answered
Your Score History
You have not taken this quiz